Ładuje się......

Marx's critique of political economy : Intellectual sources and evolution V1;1844 to 1860 /

Opis bibliograficzny
1. autor: Oakley, Allen
Język:Undetermined
Wydane: London : Routledge & Kegan Paul , 1984.
LEADER 00533nam a2200133Ia 4500
001 111522
008 170722s9999 xx 000 0 und d
100 |a Oakley, Allen 
245 |a Marx's critique of political economy :  |b  Intellectual sources and evolution V1;1844 to 1860 / 
260 |a London :  |b Routledge & Kegan Paul ,  |c 1984. 
300 |a Ppxiv+266  |c 22.1Cms 
942 |c GEN 
999 |c 103940  |d 103940 
952 |0 0  |1 0  |4 0  |6 XM_2XM18_M41_1_000000000000000  |7 0  |8 LC1  |9 146423  |a LIB  |b LIB  |d 2017-08-12  |h LC1  |o XM2xM18 M41.1  |p 197511  |r 2017-08-12  |w 2017-08-12  |y GEN